000 00533ntaaa2200193 4500
003 01
005 20251027202219.0
008 0714s1973 ag 01
040 _aAR-BaBN
_bspa
_cAR-BaBN
_eaacr
_dRIC
082 _a268.0000 C89
100 _aCully, Kendig Brubaker
245 _aThe teaching church
250 _a1 ed.
260 _aPhiladelphia :
_bUnited Church Press,
_cc1963
300 _a94 p
500 _aAn introduction to christian education for parents and teachers
650 _aeducación religiosa
_94601
942 _cBK
999 _c17005
_d17005